Powiaty województwa szczecińskiego w 1968r. na mapie - Statystyki

Ogólne statystyki
  • Ten quiz został rozwiązany 30 razy
  • Średni wynik to 10 z 14
Odpowiedzi na mapie
Odpowiedzi zakodowano w zielono-czerwonej skali na mapie do tego quizu, zgodnie z poniższymi procentami.
 
Statystyki odpowiedzi
powiat % Poprawnych
Miasto {Szczecin}
100%
stargardzki
92%
gryfiński
85%
goleniowski
81%
gryficki
81%
kamieński
77%
szczeciński
77%
woliński
73%
choszczeński
65%
łobeski
65%
myśliborski
65%
pyrzycki
65%
nowogardzki
54%
chojeński
42%
Nie znaleziono quizów pasujących do podanych kryteriów
Rozkład punktacji
Procent ludzi z każdym wynikiem
Percentyl według liczby udzielonych odpowiedzi
Twoja historia wyników
Nie rozwiązałeś tego quizu